Vincitori Scarpa d'Oro - Morte Improvvisa - Statistics

Statistiche generali
  • Questo quiz è stato fatto 191 volte
  • Il punteggio medio è 4 su 15
Answers on the Grid
Answers color-coded by a green-red scale on the quiz's grid according to % correct below.
Benzema
Cavani
Cristiano Ronaldo
Del Piero
Drogba
Haaland
Henry
Higuain
Ibrahimovic
Immobile
Inzaghi
Jardel
Kakà
Kane
Larsson
Lewandowski
Makaay
Mbappé
Messi
Neymar
Raùl
Ronaldo
Salah
Shevchenko
Suarez
Toni
Torres
Totti
Trezeguet
Villa
 
Statistiche sulle risposte
Risposta % Corretto
2007-08; 2010-11; 2013-14; 2014-15 Cristiano Ronaldo
79%
2019-20 Immobile
47%
2009-10; 2011-12; 2012-13; 2016-17; 2017-18; 2018-19 Messi
44%
2022-23 Haaland
42%
2020-21; 2021-22 Lewandowski
37%
2006-07 Totti
37%
2005-06 Toni
29%
2023-24 Kane
26%
2024-25 Mbappé
19%
2013-14; 2015-16 Suarez
19%
1996-97 Ronaldo
15%
2003-04; 2004-05 Henry
13%
1998-99; 2001-02 Jardel
8%
2000-01 Larsson
6%
2002-03 Makaay
6%
Nessun quiz corrispondente trovato
Distribuzione punteggi
Percentuale di utenti per punteggio
Percentile per numero di risposta
I tuoi punteggi nel tempo
Non hai fatto questo quiz